| 000 | 02695cam a22003618i 4500 | ||
|---|---|---|---|
| 001 | 22411717 | ||
| 005 | 20230530155418.0 | ||
| 008 | 220204s2022 nyu b 001 0 eng | ||
| 010 | _a 2021060130 | ||
| 020 | _a9781108489232 | ||
| 020 | _a9781108702164 | ||
| 020 | _z9781108774277 | ||
| 040 |
_aDLC _beng _erda _cDLC |
||
| 042 | _apcc | ||
| 050 | 0 | 0 | _aHD 56 .A4548 2022 |
| 082 | 0 | 0 |
_a338.4/5 _223/eng/20220204 |
| 084 |
_aBUS082000 _2bisacsh |
||
| 100 | 1 |
_aAltomonte, Carlo, _eauthor. |
|
| 245 | 1 | 4 |
_aThe economics of firm productivity : _bconcepts, tools and evidence / _cCarlo Altomonte, Filippo di Mauro. |
| 260 |
_aNew York, NY: _bCambridge University Press _c2022. |
||
| 300 |
_axviii, 224 pages : _billustrations, maps |
||
| 504 | _aIncludes bibliographical references and index. | ||
| 520 | _a"Productivity is an essential concept in almost every field related to Economics and Management. As Paul Krugman wrote in \The Age of Diminishing Expectations (1994)" \Productivity isn't everything, but in the long run it is almost everything. A country's ability to improve its standard of living over time depends almost entirely on its ability to raise its output per worker." As we slowly exit { at the time of this writing { the nightmare of the 2020 COVID- 19 pandemic, enhancing productivity is even more critical. The crisis has battered global economic activity in an unprecedented way. Entire sectors have been forced to cease trading, and unemployment has risen to record levels. Governments, central banks and international organisations have responded promptly and massively to the shock, sheltering firrms and employees from its impact. This will, however, inevitably further slow aggregate productivity, at least in the short run. Thus, the debate on how to raise productivity is again in the headlines, and that is the subject of this book. We believe that any useful insight must be based on detailed granular information compiled at the level of the firm. To that end we will draw from research and the dataset produced by CompNet1, a large European research initiative that the authors founded a decade ago"-- | ||
| 650 | 0 | _aIndustrial productivity. | |
| 650 | 0 | _aIndustrial management. | |
| 650 | 0 | _aOrganizational change. | |
| 650 | 0 | _aInternational finance. | |
| 650 | 7 |
_aBUSINESS & ECONOMICS / Industrial Management _2bisacsh |
|
| 700 | 1 |
_aDi Mauro, Filippo, _eauthor. |
|
| 776 | 0 | 8 |
_iOnline version: _aAltomonte, Carlo. _tEconomics of firm productivity _dNew York : Cambridge University Press, [2022] _z9781108774277 _w(DLC) 2021060131 |
| 906 |
_a7 _bcbc _corignew _d1 _eecip _f20 _gy-gencatlg |
||
| 942 |
_2lcc _cBOOKS _hHD 56 .A4548 2022 |
||
| 999 |
_c31595 _d31595 |
||